000 00568nam a2200193 4500
003 SEACOMEC
005 20251007130311.0
008 230930b |||||||| |||| 00| 0 eng d
020 _c400.00
_a978-8121924962
040 _aSEACOMEC
082 _a621.3191
_bM498
100 _aMehta, V.K
245 _aPrinciples of power system including generation ,transmission, distribution and protection
_cV.K Mehta and Rohit Mehta
250 _aMulticolor ed.
260 _aKolkata
_bS.Chand
_c2009
650 _aElectrical engineering
700 _aMehta ,Rohit
942 _cBBK
999 _c40
_d40